| 000 | 00449nam a22001697a 4500 | ||
|---|---|---|---|
| 005 | 20180411105736.0 | ||
| 008 | 160519b xxu||||| |||| 00| 0 eng d | ||
| 020 | _a81-203-1141-8 | ||
| 041 | _aeng | ||
| 082 |
_b3152 _a338.88 |
||
| 100 |
_aSundaram AK & Black J.S _9789 |
||
| 245 | _aThe International Business Environment Text and Cases | ||
| 260 |
_aDelhi _bPearson Education, _c2001 |
||
| 300 | _a347 | ||
| 650 |
_aManagement _9241 |
||
| 942 | _cBK | ||
| 999 |
_c1085 _d1085 |
||